Regencies and Cities in West Java - Statistics

General Stats
  • This quiz has been taken 371 times
  • The average score is 22 of 27
Answer Stats
Answer % Correct
Bandung
97%
Bandung
97%
Bekasi
95%
Bekasi
95%
Bogor
93%
Bogor
93%
Cirebon
89%
Cirebon
89%
Garut
87%
Depok
86%
Sukabumi
86%
Sukabumi
86%
Tasikmalaya
85%
Tasikmalaya
85%
Indramayu
82%
Cianjur
81%
Karawang
81%
Purwakarta
81%
Subang
81%
Kuningan
80%
Sumedang
80%
Cimahi
78%
Banjar
77%
Pangandaran
75%
Majalengka
74%
Ciamis
73%
West Bandung
39%
No matching quizzes found
Score Distribution
Percent of People with Each Score
Percentile by Number Answered
Your Score History
You have not taken this quiz